ბათუმის შოთა რუსთაველის სახელმწიფო უნივერსიტეტის ბიბლიოთეკა

Технология легких бетонов на искусственных пористых заполнителях. (ბიბ.ჩანაწერი № 40888)

000 -LEADER
fixed length control field 00795nam a2200217Ia 4500
001 - CONTROL NUMBER
control field 7532
003 - CONTROL NUMBER IDENTIFIER
control field GE_BSU
008 - FIXED-LENGTH DATA ELEMENTS--GENERAL INFORMATION
fixed length control field 181216s||||||||xx |||||||||||||| ||und||
040 ## - CATALOGING SOURCE
Transcribing agency GE_BSU
080 ## - UNIVERSAL DECIMAL CLASSIFICATION NUMBER
Universal Decimal Classification number 691:666(075.8)
100 ## - MAIN ENTRY--PERSONAL NAME
Personal name Иванов,И.А.
245 ## - TITLE STATEMENT
Title Технология легких бетонов на искусственных пористых заполнителях.
245 ## - TITLE STATEMENT
Remainder of title Учебное пособие.
245 ## - TITLE STATEMENT
Statement of responsibility, etc. Науч.ред. В.Г.Довжик.
260 ## - PUBLICATION, DISTRIBUTION, ETC.
Place of publication, distribution, etc. М.
260 ## - PUBLICATION, DISTRIBUTION, ETC.
Name of publisher, distributor, etc. Стройиздат.
260 ## - PUBLICATION, DISTRIBUTION, ETC.
Date of publication, distribution, etc. 1974.
300 ## - PHYSICAL DESCRIPTION
Extent 287стр. 20см. с илл. библиогр.:стр.281-283.
653 ## - INDEX TERM--UNCONTROLLED
Uncontrolled term Технология легких бетонов на искусственных пористых заполнителях.
942 ## - ADDED ENTRY ELEMENTS (KOHA)
Koha item type წიგნი
ეგზემპლარები
Withdrawn status Lost status Damaged status Not for loan Date acquired Barcode Date last seen Price effective from Koha item type
        2018-12-17 10035 2018-12-17 2018-12-17 წიგნი